| 000 | 00676nam a2200217 a 4500 | ||
|---|---|---|---|
| 005 | 20260221063951.0 | ||
| 008 | 070522s2003 ag r 000 0 spa d | ||
| 020 | _a9871004311 | ||
| 035 | _aUPN01000150368 | ||
| 049 | _aCG | ||
| 050 | 4 |
_aLB14.7 _bE8.3 |
|
| 100 | 1 | _aEtchegoyen, Miguel | |
| 245 | 1 | 0 |
_aEducación y ciudadanía : _bla búsqueda del buen sentido en el sentido común / _cMiguel Etchegoyen. |
| 260 |
_aBuenos Aires : _bStella : _bLa Crujía, _c2003. |
||
| 300 | _a238 p. | ||
| 440 | 0 | _aItinerarios | |
| 650 | 4 |
_aEducación _xFilosofía _94994 |
|
| 650 | 4 |
_aEducación _xAspectos sociales _95311 |
|
| 650 | 4 |
_aNACIONALISMO Y EDUCACION _917538 |
|
| 905 | _aLibro | ||
| 999 |
_c122509 _d122509 |
||